000 00505nam a2200157 i 4500
001 27317
003 ES-MaACL
007 t|
008 030114m19231931fr ||||1| fre d
245 0 0 _aAtlas du cáncer.
260 _a[Paris] :
_bLibrairie Felix Alcan,
_c1923-1931.
300 _a1 v., 48 lám. col. :
_b9 fasc. ;
_c32 cm.
500 _aPrecede al tít.: Association Française pour l'Etude du Cancer.
710 2 _aAssociation Française pour l'Etude du Cancer.
_91820
852 _aES-MaACL
_jC-7076-77
999 _c27317
_d27317